000
00220nam a22001097a 4500
020
_a
978-935064-123-1
082
_a
474
_b
WIL/G
245
_a
GURU NANAK
260
_a
MUMBAI
_b
WILCO
650
_a
STORY
_z
MUMBAI
942
_c
BK
999
_c
6989
_d
6989